Score 0/13 Timer 01:30
6 Plays Today
% Correct
New York
87.6%
North Carolina
79.6%
South Carolina
78.4%
Georgia
74.2%
Virginia
70.5%
New Jersey
68.5%
Pennsylvania
64.7%
Rhode Island
64.6%
Maryland
64.3%
New Hampshire
63.3%
Delaware
62.9%
Massachusetts
60.9%
Connecticut
54.4%
Remove Ads.
Support Sporcle.
Get the best of Sporcle when you Go Orange. This ad-free experience offers more features, more stats, and more fun while also helping to support Sporcle. Thank you for becoming a member.

You're not logged in!

Compare scores with friends on all Sporcle quizzes.
OR
Log In

Show Comments

Extras

Top Quizzes Today


Score Distribution

Your Account Isn't Verified!

In order to create a playlist on Sporcle, you need to verify the email address you used during registration. Go to your Sporcle Settings to finish the process.

Report this User

Report this user for behavior that violates our Community Guidelines.

Details: